Programa d'activitats /
MARC
| LEADER | 00000nam a2200000Ia 4500 | ||
|---|---|---|---|
| 001 | 22376, 19198, 20998, 21085 | ||
| 008 | 160829s2006- xx 000 0 cat d | ||
| 080 | |a C-3-272, C-2-508, C-3-130, C-3-153 | ||
| 110 | 2 | |a Barcelona (Catalunya : Província). |b Oficina Tècnica de Parcs Naturals |9 54370 | |
| 245 | |a Programa d'activitats / |c Oficina Tècnica de Parcs Naturals | ||
| 260 | |a Barcelona : |b Diputació de Barcelona. Àrea d'Espais Naturals, |c 2006- | ||
| 300 | |b Il·lustracions ; |c 29 cm | ||
| 590 | |a L'any 2003: Servei de Parcs Naturals. | ||
| 590 | |a La publicació segueix amb el títol: Pla d'objectius i actuacions ... | ||
| 610 | 2 | 0 | |9 54370 |a Barcelona (Catalunya : Província). |b Oficina Tècnica de Parcs Naturals |
| 710 | |a Barcelona (Catalunya : Província). |b Servei de Parcs Naturals |9 53492 | ||
| 710 | |a Barcelona (Catalunya : Província). |b Àrea d'Espais Naturals |9 9050 | ||
| 866 | |a 2003, 2006, 2007, 2008 | ||
| 901 | |a Arxiu | ||
| 942 | |n 1 |2 udc | ||
| 952 | |0 0 |1 0 |4 0 |6 C3272_C2508_C3130 |7 1 |9 52574 |a Arxiu |b Arxiu |d 2016-12-01 |o C-3-272, C-2-508, C-3-130 |p 22376, 19198, 20998, |r 2016-12-01 00:00:00 |w 2016-12-01 |y ARXIU | ||
| 952 | |0 0 |1 0 |4 0 |6 PDL |7 1 |9 63783 |a Arxiu |b Arxiu |d 2022-09-05 |h 2008 |l 0 |o PDL |p 26704 |r 2022-09-05 00:00:00 |w 2022-09-05 |y ARXIU | ||
| 952 | |0 0 |1 0 |4 0 |6 C3153 |7 1 |9 65561 |a Arxiu |b Arxiu |d 2023-03-08 |h 2008 |l 0 |o C-3-153 |p 21085 |r 2023-03-08 00:00:00 |w 2023-03-08 |y ARXIU | ||
| 999 | |c 56423 |d 56423 | ||